000 00373nam a22001577a 4500
003 MPLRDC
005 20220104125201.0
008 210129b ||||| |||| 00| 0 eng d
082 _a857.9 CQY-38 v.3
100 _a陈青云著
245 _a武当争雄记. 下
_c
260 _a
_b皇鼎文化出版社
_c
300 _b
650 _a
942 _cBK
_o857.9 CQY-38 v.3
999 _c25333
_d25323